<?xml version="1.0" encoding="UTF-8"?>
<record
    xmlns:xsi="http://www.w3.org/2001/XMLSchema-instance"
    xsi:schemaLocation="http://www.loc.gov/MARC21/slim http://www.loc.gov/standards/marcxml/schema/MARC21slim.xsd"
    xmlns="http://www.loc.gov/MARC21/slim">

  <leader>01367nam a22002297a 4500</leader>
  <controlfield tag="003">AR-RoUNCS</controlfield>
  <controlfield tag="005">20260218153334.0</controlfield>
  <controlfield tag="008">260218s2010    sp  ||||r|||| 00| f spa d</controlfield>
  <datafield tag="020" ind1=" " ind2=" ">
    <subfield code="a">978-84-15120-02-5</subfield>
  </datafield>
  <datafield tag="040" ind1=" " ind2=" ">
    <subfield code="a">AR-RoUNCS</subfield>
    <subfield code="c">AR-RoUNCS</subfield>
  </datafield>
  <datafield tag="080" ind1=" " ind2=" ">
    <subfield code="0">82-312.4(988)</subfield>
  </datafield>
  <datafield tag="100" ind1="1" ind2=" ">
    <subfield code="a">Adler-Olsen, Jussi,</subfield>
    <subfield code="d">1950-</subfield>
    <subfield code="e">autor</subfield>
  </datafield>
  <datafield tag="245" ind1="1" ind2="0">
    <subfield code="a">Departamento Q :</subfield>
    <subfield code="b">la mujer que ara&#xF1;aba las paredes : el primer caso de Carl M&#xF8;rck y su departamento especial Q /</subfield>
    <subfield code="c">Jussi Adler-Olson ; traducci&#xF3;n, Juan Mari Mendizabal.</subfield>
  </datafield>
  <datafield tag="300" ind1=" " ind2=" ">
    <subfield code="a">415 p. ;</subfield>
    <subfield code="c">23 cm.</subfield>
  </datafield>
  <datafield tag="490" ind1="0" ind2=" ">
    <subfield code="a">Letras n&#xF3;rdicas</subfield>
  </datafield>
  <datafield tag="520" ind1="1" ind2=" ">
    <subfield code="a">La misteriosa desaparici&#xF3;n de Merete Lynggaard, una joven promesa de la pol&#xED;tica danesa, ocurrida en 2002, ya no parece interesarle a nadie. En su momento la polic&#xED;a de Copenhague no pudo encontrar ning&#xFA;n rastro de ella y el caso ha sido archivado. Sin embargo, cinco a&#xF1;os despu&#xE9;s, el detective Carl M&#xF8;rck,, jefe del Departamento Q, toma cartas en el asunto, pues su trabajo consiste, precisamente, en ocuparse de cr&#xED;menes no resueltos. Una novela policiaca inquietante que quita la respiraci&#xF3;n y cuyos inesperados giros atrapar&#xE1;n sin remedio al lector.</subfield>
  </datafield>
  <datafield tag="586" ind1=" " ind2=" ">
    <subfield code="a">Premio Glass Key a la mejor novela polic&#xED;aca 2010.</subfield>
  </datafield>
  <datafield tag="650" ind1=" " ind2="7">
    <subfield code="2">embne</subfield>
    <subfield code="a">Literatura danesa</subfield>
  </datafield>
  <datafield tag="655" ind1=" " ind2="7">
    <subfield code="2">embne</subfield>
    <subfield code="a">Novelas policiales</subfield>
  </datafield>
  <datafield tag="700" ind1="1" ind2=" ">
    <subfield code="a">Mendizabal, Juan Mari,</subfield>
    <subfield code="e">traductor</subfield>
  </datafield>
  <datafield tag="942" ind1=" " ind2=" ">
    <subfield code="2">udc</subfield>
    <subfield code="c">OG</subfield>
    <subfield code="n">0</subfield>
  </datafield>
  <datafield tag="999" ind1=" " ind2=" ">
    <subfield code="c">908</subfield>
    <subfield code="d">908</subfield>
  </datafield>
  <datafield tag="952" ind1=" " ind2=" ">
    <subfield code="0">0</subfield>
    <subfield code="1">0</subfield>
    <subfield code="2">udc</subfield>
    <subfield code="4">0</subfield>
    <subfield code="7">0</subfield>
    <subfield code="8">CG</subfield>
    <subfield code="a">ESOCIALES</subfield>
    <subfield code="b">ESOCIALES</subfield>
    <subfield code="d">2026-02-18</subfield>
    <subfield code="e">Donaci&#xF3;n 2023</subfield>
    <subfield code="l">0</subfield>
    <subfield code="o">82-312.4(988) AD237</subfield>
    <subfield code="p">000232</subfield>
    <subfield code="r">2026-02-18 15:34:48</subfield>
    <subfield code="w">2026-02-18</subfield>
    <subfield code="y">OG</subfield>
  </datafield>
</record>
